header

San Francisco (Record no. 37915)

MARC details
000 -LEADER
fixed length control field 01283nam a2200313Ia 4500
245 00 - TITLE STATEMENT
Title San Francisco
260 ## - PUBLICATION, DISTRIBUTION, ETC. (IMPRINT)
Place of publication Bristol :
Name of publisher Intellect Books ;
Place of publication Chicago, IL :
Name of publisher University of Chicago Press,
Year of publication c2013.
300 ## - PHYSICAL DESCRIPTION
Number of Pages 127 p. :
Other physical details ill. (some col.), maps.
490 0# - SERIES STATEMENT
Series statement World film locations,
650 #0 - SUBJECT ADDED ENTRY--TOPICAL TERM
Topical Term Motion picture locations
700 1# - ADDED ENTRY--PERSONAL NAME
Personal name Harris, Scott Jordan.
856 40 - ELECTRONIC LOCATION AND ACCESS
Uniform Resource Identifier http://site.ebrary.com/lib/rucke/Doc?id=10729859

No items available.

© 2026 Rongo University
Contact us: librarian | system librarian | Rongo university